World Capitals From Four Words #3 - Statistics

General Stats
  • This quiz has been taken 346 times
    337 since last reset
  • The average score is 7 of 17
Answer Stats
Capital % Correct
Berlin
69%
Bern
63%
Seoul
62%
Lisbon
61%
Dublin
58%
Dili
54%
Tunis
50%
Brasilia
42%
Rabat
42%
Beirut
34%
Roseau
32%
Tirana
29%
Luanda
28%
Nassau
26%
Nairobi
24%
Bissau
23%
Buenos Aires
23%
No matching quizzes found
Score Distribution
Percent of People with Each Score
Percentile by Number Answered
Your Score History
You have not taken this quiz since the last reset